[Event "Bydgoszcz Bank Pocztowy op"]
[Site "Bydgoszcz"]
[Date "1999.07.16"]
[Round "5"]
[White "Gelman, Alexander"]
[Black "Galinsky, Timofey"]
[Result "1-0"]
[WhiteElo "2469"]
[BlackElo "2370"]
[EventDate "1999.07.12"]
[PlyCount "89"]

1.g3 d5 2.Bg2 c6 3.Nf3 Bg4 4.b3 Nf6 5.Bb2 Nbd7 6.c4 e6 7.d3 Bd6 8.O-O Qe7 
9.Qc2 O-O 10.Nc3 Ba3 11.Rfc1 Bxb2 12.Qxb2 h6 13.Nd1 Qd6 14.Ne3 Bh5 15.b4 
a6 16.Nd4 Ng4 17.Nxg4 Bxg4 18.a3 Rad8 19.h3 Bh5 20.cxd5 exd5 21.Nf5 Qf6 
22.Qxf6 Nxf6 23.Kf1 Rfe8 24.Nd4 Nd7 25.a4 a5 26.g4 Bg6 27.b5 c5 28.Nb3 b6 
29.Bxd5 h5 30.Bc6 hxg4 31.hxg4 Re7 32.Bxd7 Rdxd7 33.Nd2 f5 34.gxf5 Bxf5 
35.f3 Be6 36.Nc4 Bxc4 37.Rxc4 Re6 38.Kf2 Rd5 39.Rh1 g6 40.Rhh4 Kg7 41.d4 
cxd4 42.Rhxd4 Rde5 43.e4 Rh5 44.Rd7+ Kf6 45.f4 1-0

[Event "Bydgoszcz Bank Pocztowy op"]
[Site "Bydgoszcz"]
[Date "1999.07.16"]
[Round "5"]
[White "Kovchan, Alexander"]
[Black "Ehrenfeucht, Wojciech"]
[Result "1-0"]
[WhiteElo "2448"]
[BlackElo "2316"]
[EventDate "1999.07.12"]
[PlyCount "111"]

1.e4 e5 2.Nf3 Nc6 3.Bc4 Nf6 4.d3 Be7 5.O-O O-O 6.Nbd2 d5 7.exd5 Nxd5 8.Re1
Bg4 9.h3 Bh5 10.g4 Bg6 11.Nxe5 Nxe5 12.Rxe5 Nb6 13.Bb3 Kh8 14.Nf1 f5 15.
gxf5 Bxf5 16.Ng3 Bg6 17.Qg4 Nd7 18.Re2 Nf6 19.Qe6 Bd6 20.Bg5 Bxg3 21.fxg3 
Re8 22.Bxf6 Rxe6 23.Bxd8 Rxe2 24.Bxc7 Bf5 25.g4 Bd7 26.d4 h5 27.Rf1 hxg4 
28.Rf7 Be8 29.Rf8+ Kh7 30.hxg4 Re4 31.Be5 Rxg4+ 32.Kf2 Rc8 33.Ke3 Rg1 34.
Be6 Bd7 35.Rxc8 Bxe6 36.Rc7 Bxa2 37.Rxb7 Bb1 38.c4 a5 39.c5 Rc1 40.Rxg7+ 
Kh6 41.Ra7 Rc2 42.Rxa5 Rxb2 43.c6 Bf5 44.c7 Rc2 45.Bd6 Bh3 46.Bc5 Kg6 47.
Ra8 Kf7 48.c8=Q Bxc8 49.Rxc8 Ke6 50.Ke4 Re2+ 51.Kd3 Rg2 52.Kc4 Rc2+ 53.Kb5
Kd7 54.Rh8 Rb2+ 55.Kc4 Rg2 56.Rh7+ 1-0

[Event "Bydgoszcz Bank Pocztowy op"]
[Site "Bydgoszcz"]
[Date "1999.07.16"]
[Round "5"]
[White "Madynski, Pawel"]
[Black "Ribkinskis, Tomass"]
[Result "1-0"]
[WhiteElo "2194"]
[BlackElo "2070"]
[EventDate "1999.07.12"]
[PlyCount "79"]

1.e4 c6 2.d4 d5 3.Nc3 dxe4 4.Nxe4 Nd7 5.Bc4 Ngf6 6.Ng5 e6 7.Qe2 Nb6 8.Bb3 
a5 9.a4 h6 10.N5f3 Bd6 11.Ne5 Nbd5 12.Ngf3 Qc7 13.O-O O-O 14.c3 c5 15.dxc5
Bxc5 16.Re1 b6 17.Nd4 Bxd4 18.cxd4 Bb7 19.Bd2 Rac8 20.Rac1 Qd6 21.Nc4 Qb8 
22.Qe5 Rfd8 23.f3 Ba6 24.Red1 Qa7 25.Qg3 Kf8 26.Ne5 Rxc1 27.Rxc1 Rc8 28.
Rxc8+ Bxc8 29.Qh4 Ke8 30.g4 Qe7 31.g5 hxg5 32.Bxg5 Bb7 33.Bc4 Qf8 34.Bb5+ 
Kd8 35.Qg3 Kc8 36.Nc4 Qe7 37.Nd6+ Kd8 38.Bh4 g6 39.Qe5 Bc8 40.Ne4 1-0

[Event "Bydgoszcz Bank Pocztowy op"]
[Site "Bydgoszcz"]
[Date "1999.07.16"]
[Round "5"]
[White "Nowacki, Tomasz"]
[Black "Kastanieda, Georgiy"]
[Result "0-1"]
[WhiteElo "2047"]
[BlackElo "2415"]
[EventDate "1999.07.12"]
[PlyCount "74"]

1.Nf3 Nf6 2.g3 d5 3.c4 c6 4.Bg2 Bg4 5.cxd5 cxd5 6.Ne5 Be6 7.O-O g6 8.d3 
Bg7 9.Qa4+ Nbd7 10.Nc3 O-O 11.Nxd7 Bxd7 12.Qh4 Bc6 13.e4 dxe4 14.dxe4 Qb6 
15.Rb1 Rfd8 16.Be3 Qb4 17.a3 Qb3 18.Bf3 h5 19.Qh3 Bd7 20.Qg2 Ng4 21.Bc5 e6
22.Bd1 Qc4 23.Be7 Re8 24.Be2 Qb3 25.Bg5 Bc6 26.h3 Ne5 27.Bd1 Qb6 28.Be3 
Qc7 29.Be2 a6 30.Rfc1 b5 31.Bd4 Qb7 32.Bxe5 Bxe5 33.f3 Red8 34.Rd1 Qb6+ 
35.Kf1 Qc7 36.f4 Bxc3 37.bxc3 Qa5 0-1

[Event "Bydgoszcz Bank Pocztowy op"]
[Site "Bydgoszcz"]
[Date "1999.07.16"]
[Round "5"]
[White "Vaulin, Alexander"]
[Black "Solodovnichenko, Yuri"]
[Result "1-0"]
[WhiteElo "2492"]
[BlackElo "2436"]
[EventDate "1999.07.12"]
[PlyCount "89"]

1.c4 Nf6 2.Nc3 e5 3.g3 Bb4 4.Nf3 Nc6 5.Bg2 O-O 6.Nd5 e4 7.Nh4 Re8 8.O-O 
Bc5 9.d3 exd3 10.Qxd3 Nxd5 11.cxd5 Ne5 12.Qc3 d6 13.b4 Bb6 14.Bb2 a5 15.
Nf3 Nxf3+ 16.Bxf3 f6 17.a3 Bf5 18.Qc4 Qe7 19.Bd4 Bxd4 20.Qxd4 axb4 21.Qxb4
b6 22.Rfc1 Ra5 23.Rc3 Rea8 24.Qf4 Qe5 25.Qxe5 fxe5 26.Rxc7 e4 27.Bg2 Rxa3 
28.Rxa3 Rxa3 29.h3 Ra1+ 30.Kh2 Ra2 31.g4 Bg6 32.Rc6 Rxe2 33.Kg3 e3 34.fxe3
Rxe3+ 35.Kf4 Re8 36.Rxd6 b5 37.Rb6 Bd3 38.d6 Bc4 39.Bc6 Rd8 40.Ke5 Kf7 41.
Rb7+ Kf8 42.Bxb5 Bf7 43.Bc6 h5 44.g5 Bg6 45.Rb4 1-0

[Event "Bydgoszcz Bank Pocztowy op"]
[Site "Bydgoszcz"]
[Date "1999.07.16"]
[Round "5"]
[White "Vysochin, Spartak"]
[Black "Zulfugarli, Magomed"]
[Result "0-1"]
[WhiteElo "2487"]
[BlackElo "2388"]
[EventDate "1999.07.12"]
[PlyCount "78"]

1.d4 d5 2.Nf3 Nf6 3.Bf4 c5 4.c3 Nc6 5.e3 Qb6 6.Qb3 c4 7.Qc2 Bf5 8.Qc1 Nh5 
9.Bg5 h6 10.Bh4 g5 11.Bg3 Nxg3 12.hxg3 Bg7 13.Be2 O-O 14.Nbd2 Rac8 15.Bd1 
Bd3 16.Bc2 g4 17.Nh4 e5 18.Bxd3 cxd3 19.dxe5 d4 20.exd4 Nxd4 21.Kf1 Ne2 
22.Qb1 Rcd8 23.a4 Qe6 24.Qa2 Qxe5 25.Qc4 Qe6 26.Qxe6 fxe6 27.Ke1 Rd5 28.
Rf1 Kh7 29.Kd1 h5 30.Ra3 Bh6 31.Rb3 Bxd2 32.Rxb7+ Kh6 33.Kxd2 Nxg3 34.Re1 
Rxf2+ 35.Kd1 Kg5 36.c4 Ra5 37.Ng6 Rxa4 38.Rb5+ Kxg6 39.Rxe6+ Kf7 0-1

[Event "Bydgoszcz Bank Pocztowy op"]
[Site "Bydgoszcz"]
[Date "1999.07.16"]
[Round "5"]
[White "Ziolkowski, Dawid"]
[Black "Pavlenko, Oleg"]
[Result "0-1"]
[WhiteElo "2123"]
[BlackElo "2295"]
[EventDate "1999.07.12"]
[PlyCount "74"]

1.e4 e5 2.Nf3 d5 3.d4 dxe4 4.Nxe5 Bd6 5.Nc4 Nf6 6.Be2 Nc6 7.Be3 O-O 8.O-O 
Nd5 9.Nc3 Nxe3 10.fxe3 Qg5 11.Nxe4 Bxh2+ 12.Kxh2 Qh4+ 13.Kg1 Qxe4 14.Bd3 
Qg4 15.Rf4 Qxd1+ 16.Rxd1 Be6 17.c3 f5 18.Rdf1 g6 19.b3 Kg7 20.e4 fxe4 21.
Rxf8 Rxf8 22.Rxf8 Kxf8 23.Bxe4 Bxc4 24.bxc4 Nd8 25.Kf2 b6 26.Ke3 Ke7 27.
Bd5 Ne6 28.Ke4 Kd6 29.Bxe6 Kxe6 30.g4 h5 31.g5 h4 32.Kf4 h3 33.d5+ Kd6 34.
Kg3 Kc5 35.Kxh3 Kxc4 36.Kg4 Kxc3 37.Kf4 Kd4 0-1

[Event "Bydgoszcz Bank Pocztowy op"]
[Site "Bydgoszcz"]
[Date "1999.07.17"]
[Round "6"]
[White "Ehrenfeucht, Wojciech"]
[Black "Vokarev, Sergey"]
[Result "1/2-1/2"]
[WhiteElo "2316"]
[BlackElo "2469"]
[EventDate "1999.07.12"]
[PlyCount "71"]

1.Nf3 Nf6 2.c4 g6 3.Nc3 d5 4.cxd5 Nxd5 5.e4 Nxc3 6.dxc3 Qxd1+ 7.Kxd1 Nd7 
8.Bf4 c6 9.Kc2 f6 10.Nd2 e5 11.Bg3 a5 12.a4 Bc5 13.Nc4 Ke7 14.f3 Rd8 15.
Be2 Nb6 16.Nxb6 Bxb6 17.Bc4 Bd7 18.Rhd1 Be8 19.Rxd8 Rxd8 20.Rd1 Rxd1 21.
Kxd1 Bc5 22.Kd2 Bd7 23.Kd3 Kd6 24.h4 b5 25.axb5 cxb5 26.Bg8 h6 27.Bf7 g5 
28.hxg5 hxg5 29.Be1 Bg1 30.b4 a4 31.g4 Kc6 32.Bd2 Kb6 33.Bd5 Be8 34.Bc1 
Kc7 35.Bd2 Kd6 36.Ba2 1/2-1/2

[Event "Bydgoszcz Bank Pocztowy op"]
[Site "Bydgoszcz"]
[Date "1999.07.17"]
[Round "6"]
[White "Galinsky, Timofey"]
[Black "Madynski, Pawel"]
[Result "1-0"]
[WhiteElo "2370"]
[BlackElo "2194"]
[EventDate "1999.07.12"]
[PlyCount "89"]

1.g3 e5 2.Bg2 d5 3.d3 Nf6 4.Nf3 Bd6 5.O-O O-O 6.c4 c6 7.Nc3 dxc4 8.dxc4 
Be6 9.b3 h6 10.Bb2 Qe7 11.Qc2 Nbd7 12.Rad1 Rfd8 13.Ne4 Nxe4 14.Qxe4 f6 15.
Nh4 Nf8 16.Nf5 Bxf5 17.Qxf5 Qe6 18.Qc2 Kf7 19.h4 Bc7 20.b4 Rxd1 21.Rxd1 a6
22.a4 Rd8 23.Rxd8 Bxd8 24.b5 axb5 25.axb5 Qd6 26.bxc6 bxc6 27.Qa4 c5 28.
Ba3 Bb6 29.Bd5+ Ne6 30.Qa8 Qc7 31.h5 Qd7 32.e4 Qc7 33.Kg2 Qd7 34.Qb8 Ba7 
35.Qh8 Bb6 36.Qh7 Kf8 37.Bc1 Qe7 38.Qh8+ Kf7 39.f4 exf4 40.gxf4 Qa7 41.f5 
Qa2+ 42.Kh3 Qf2 43.fxe6+ Ke7 44.Qxg7+ Kd6 45.Qg3+ 1-0

[Event "Bydgoszcz Bank Pocztowy op"]
[Site "Bydgoszcz"]
[Date "1999.07.17"]
[Round "6"]
[White "Kuzmin, Gennadi P"]
[Black "Fedorchuk, Sergey A"]
[Result "1/2-1/2"]
[WhiteElo "2518"]
[BlackElo "2457"]
[EventDate "1999.07.12"]
[PlyCount "75"]

1.e4 e5 2.Nf3 Nc6 3.Bb5 a6 4.Ba4 Nf6 5.d3 b5 6.Bb3 Bc5 7.a4 Rb8 8.axb5 
axb5 9.Be3 d6 10.Nbd2 O-O 11.O-O Qe7 12.c3 Bb6 13.Bxb6 Rxb6 14.Re1 b4 15.
Nc4 Rb8 16.Ne3 bxc3 17.bxc3 Be6 18.Nd5 Qd8 19.h3 Nd7 20.d4 Nb6 21.Ne3 Bxb3
22.Qxb3 exd4 23.cxd4 Ne7 24.Qc3 Nd7 25.Nf1 c5 26.Ng3 Qb6 27.Red1 Nf6 28.
Qa3 Rfc8 29.e5 dxe5 30.Nxe5 Ned5 31.Kh2 cxd4 32.Rab1 Qc7 33.Rxb8 Rxb8 34.
Nf3 Ne4 35.Rxd4 Nxg3 36.fxg3 Qd6 37.Qe3 h5 38.Rc4 1/2-1/2

[Event "Bydgoszcz Bank Pocztowy op"]
[Site "Bydgoszcz"]
[Date "1999.07.17"]
[Round "6"]
[White "Malakhatko, Vadim"]
[Black "Moiseenko, Alexander"]
[Result "1/2-1/2"]
[WhiteElo "2537"]
[BlackElo "2501"]
[EventDate "1999.07.12"]
[PlyCount "57"]

1.d4 e6 2.e4 c5 3.d5 exd5 4.exd5 d6 5.Nf3 Nf6 6.Nc3 Be7 7.Be2 O-O 8.O-O 
Na6 9.Bxa6 bxa6 10.h3 Re8 11.Bf4 Rb8 12.Rb1 Rb4 13.Qd2 Bf5 14.a3 Ne4 15.
Nxe4 Rxe4 16.Rfe1 Bf6 17.c3 h6 18.Rxe4 Rxe4 19.Re1 a5 20.Rxe4 Bxe4 21.Nh2 
Bg5 22.c4 Bxf4 23.Qxf4 f5 24.Qd2 Qg5 25.f4 Qg3 26.Nf1 Qb3 27.Qc3 Qd1 28.
Qd2 Qb3 29.Qc3 1/2-1/2

[Event "Bydgoszcz Bank Pocztowy op"]
[Site "Bydgoszcz"]
[Date "1999.07.17"]
[Round "6"]
[White "Malaniuk, Vladimir P"]
[Black "Grabarczyk, Miroslaw"]
[Result "1/2-1/2"]
[WhiteElo "2525"]
[BlackElo "2484"]
[EventDate "1999.07.12"]
[PlyCount "64"]

1.Nf3 d5 2.e3 Nf6 3.c4 c6 4.b3 Bg4 5.h3 Bh5 6.Bb2 e6 7.Be2 Nbd7 8.d3 Bxf3 
9.Bxf3 Bd6 10.Nc3 O-O 11.O-O Qe7 12.a3 Rfd8 13.g3 Ne5 14.Be2 Ng6 15.Re1 
Rac8 16.Bf1 Bb8 17.Qe2 h5 18.cxd5 cxd5 19.Bg2 h4 20.g4 d4 21.Ne4 Nxe4 22.
Bxe4 Qd6 23.Bxd4 Qh2+ 24.Kf1 Qxh3+ 25.Bg2 Qh2 26.Rec1 b6 27.Bb7 Rxc1+ 28.
Rxc1 Ne5 29.Bxe5 Qxe5 30.d4 Qd6 31.a4 h3 32.Bf3 Qe7 1/2-1/2

[Event "Bydgoszcz Bank Pocztowy op"]
[Site "Bydgoszcz"]
[Date "1999.07.17"]
[Round "6"]
[White "Pavlenko, Oleg"]
[Black "Antoniewski, Rafal"]
[Result "0-1"]
[WhiteElo "2295"]
[BlackElo "2417"]
[EventDate "1999.07.12"]
[PlyCount "114"]

1.d4 Nf6 2.e3 g6 3.Nf3 Bg7 4.Be2 d6 5.b3 O-O 6.Bb2 Nbd7 7.O-O b6 8.c4 Bb7 
9.Nc3 e6 10.Qc2 Qe7 11.Rad1 c5 12.dxc5 Nxc5 13.b4 Nce4 14.Nxe4 Nxe4 15.
Bxg7 Kxg7 16.Nd2 Nf6 17.Bf3 Bxf3 18.Nxf3 Rac8 19.Qb3 d5 20.cxd5 Nxd5 21.
Qb2+ Kg8 22.a3 Rc7 23.Rc1 Rfc8 24.Nd4 Nc3 25.b5 Qe8 26.Ra1 e5 27.Nf3 Rc4 
28.a4 Rxa4 29.Rxa4 Nxa4 30.Qxe5 Qxe5 31.Nxe5 Rc5 32.Nc6 a5 33.Nd4 Nc3 34.
Rc1 Rxb5 35.Nxb5 Ne2+ 36.Kf1 Nxc1 37.f3 Kf8 38.Ke1 Ke7 39.Kd2 Nb3+ 40.Kc3 
Nc5 41.Kc4 Kd7 42.Kd5 Nd3 43.g4 f6 44.h4 Ne5 45.g5 Nxf3 46.gxf6 Nxh4 47.e4
Ng2 48.e5 Nf4+ 49.Ke4 Ne6 50.Kd5 a4 51.Kc4 h5 52.Kb4 h4 53.Nc3 h3 54.Ne2 
h2 55.Ng3 b5 56.Kc3 Kc6 57.f7 Kd5 0-1

[Event "Bydgoszcz Bank Pocztowy op"]
[Site "Bydgoszcz"]
[Date "1999.07.17"]
[Round "6"]
[White "Raudive, Aivars"]
[Black "Braslavsky, Aleksandr"]
[Result "0-1"]
[WhiteElo "2240"]
[BlackElo "2295"]
[EventDate "1999.07.12"]
[PlyCount "74"]

1.e4 e6 2.d4 d5 3.Nc3 Nf6 4.Bg5 Be7 5.e5 Nfd7 6.Bxe7 Qxe7 7.f4 a6 8.Qh5 c5
9.Nf3 cxd4 10.Nxd4 Nc6 11.O-O-O O-O 12.g3 Nxd4 13.Rxd4 Qc5 14.Rd1 Nb6 15.
Bd3 g6 16.Qg5 Bd7 17.h4 Bb5 18.Kb1 Bxd3 19.cxd3 Rac8 20.h5 Rc7 21.Qf6 Nd7 
22.Qh4 Nb8 23.Qg4 Re8 24.Rh2 Nd7 25.Rdh1 Nf8 26.Qg5 Qe3 27.Rd1 Qf3 28.Rhh1
Rec8 29.Rhf1 Qe3 30.Qg4 b5 31.Qf3 Qc5 32.Qf2 Qb4 33.Ka1 a5 34.f5 d4 35.a3 
Qb3 36.Qxd4 b4 37.Kb1 Rd7 0-1

[Event "Bydgoszcz Bank Pocztowy op"]
[Site "Bydgoszcz"]
[Date "1999.07.17"]
[Round "6"]
[White "Sawicki, Mikolaj"]
[Black "Rybak, Tomasz"]
[Result "1-0"]
[WhiteElo "2076"]
[BlackElo "2163"]
[EventDate "1999.07.12"]
[PlyCount "117"]

1.e4 c6 2.d4 d5 3.Nc3 g6 4.Nf3 Bg7 5.Be2 Nh6 6.O-O O-O 7.exd5 cxd5 8.Bf4 
Nc6 9.Qd2 Nf5 10.Be5 f6 11.Bf4 e5 12.dxe5 fxe5 13.Bg5 Nfe7 14.Bxe7 Nxe7 
15.Nxd5 e4 16.Nxe7+ Qxe7 17.Nd4 Rd8 18.c3 Bf5 19.Qe3 Be5 20.Rfd1 Rf8 21.
Nxf5 gxf5 22.Rd5 Rae8 23.Rad1 Qg7 24.Rd7 Qg6 25.Qh3 Rc8 26.Rxb7 f4 27.Bh5 
Qg5 28.Bg4 Rc7 29.Rxc7 Bxc7 30.Rd7 h5 31.Be6+ Kh8 32.Rxc7 f3 33.g3 e3 34.
Qf1 Qe5 35.Rf7 Rd8 36.Rd7 Rxd7 37.Bxd7 e2 38.Qe1 Qe4 39.Bb5 Qc2 40.Bxe2 
fxe2 41.f3 Qxb2 42.Kf2 Qxa2 43.Qxe2 Qd5 44.Qe8+ Kg7 45.Qe7+ Kg8 46.Qxa7 
Qd2+ 47.Kg1 Qxc3 48.Qb8+ Kh7 49.Qb7+ Kh6 50.Qa6+ Kg7 51.Qe2 Qc1+ 52.Kg2 
Qc3 53.Qe7+ Kg6 54.Qe4+ Kh6 55.Qf4+ Kg6 56.Kh3 Qb2 57.Qe4+ Kh6 58.Qe6+ Kg7
59.Qf5 1-0

[Event "Bydgoszcz Bank Pocztowy op"]
[Site "Bydgoszcz"]
[Date "1999.07.17"]
[Round "6"]
[White "Simantsev, Mikhail"]
[Black "Vaulin, Alexander"]
[Result "1/2-1/2"]
[WhiteElo "2409"]
[BlackElo "2492"]
[EventDate "1999.07.12"]
[PlyCount "59"]

1.d4 d6 2.c4 e5 3.Nc3 exd4 4.Qxd4 Nc6 5.Qd2 Nf6 6.b3 Be6 7.e4 a5 8.Bd3 a4 
9.Nxa4 d5 10.exd5 Rxa4 11.Bb2 Bb4 12.Bc3 Bxd5 13.cxd5 Ne4 14.Bxe4 Bxc3 15.
Qxc3 Rxe4+ 16.Kf1 Qxd5 17.Nf3 O-O 18.h4 Rfe8 19.Rh3 h6 20.h5 Rg4 21.Re1 
Rxe1+ 22.Nxe1 Rd4 23.Rd3 Rxd3 24.Qxd3 Qxh5 25.Qd7 Qh1+ 26.Ke2 Qh5+ 27.Kf1 
Qb5+ 28.Kg1 Qe5 29.Qc8+ Kh7 30.Nf3 1/2-1/2

[Event "Bydgoszcz Bank Pocztowy op"]
[Site "Bydgoszcz"]
[Date "1999.07.17"]
[Round "6"]
[White "Sosnicki, Michal"]
[Black "Gashimov, Vugar"]
[Result "1/2-1/2"]
[WhiteElo "2335"]
[BlackElo "2426"]
[EventDate "1999.07.12"]
[PlyCount "96"]

1.d4 Nf6 2.c4 e6 3.g3 Bb4+ 4.Bd2 Bxd2+ 5.Qxd2 O-O 6.Bg2 d6 7.Nf3 Nbd7 8.
O-O e5 9.Nc3 Re8 10.e4 c6 11.Rfe1 Qc7 12.Rad1 Nf8 13.h3 a5 14.c5 exd4 15.
Qxd4 dxc5 16.Qxc5 b6 17.Qe3 b5 18.Qc1 Ba6 19.Nd5 Nxd5 20.exd5 c5 21.d6 Qb6
22.Ne5 Bb7 23.Bxb7 Qxb7 24.d7 Red8 25.Qxc5 f6 26.Nc6 Rxd7 27.Rxd7 Qxd7 28.
Qxb5 Kh8 29.a4 h6 30.Re3 Qxh3 31.Nxa5 Rd8 32.Qe2 Kh7 33.Re8 Rxe8 34.Qxe8 
Ne6 35.Qc8 Qf5 36.Nb3 Qd5 37.Qc2+ f5 38.g4 g6 39.gxf5 gxf5 40.Qc3 Ng5 41.
a5 Qd1+ 42.Kg2 Qg4+ 43.Kf1 Qd1+ 44.Kg2 f4 45.Nd2 Qg4+ 46.Kf1 Qd1+ 47.Kg2 
Qg4+ 48.Kf1 Qd1+ 1/2-1/2

[Event "Bydgoszcz Bank Pocztowy op"]
[Site "Bydgoszcz"]
[Date "1999.07.17"]
[Round "6"]
[White "Struk, Jerzy"]
[Black "Nowacki, Tomasz"]
[Result "0-1"]
[WhiteElo "2270"]
[BlackElo "2047"]
[EventDate "1999.07.12"]
[PlyCount "74"]

1.e4 Nf6 2.e5 Nd5 3.d4 d6 4.Nf3 Bg4 5.Be2 Nc6 6.exd6 cxd6 7.O-O g6 8.c4 
Nb6 9.d5 Bxf3 10.gxf3 Ne5 11.f4 Ned7 12.a4 Nf6 13.Be3 Bg7 14.Ra3 O-O 15.
Nd2 Nbd7 16.a5 b6 17.b4 Qc7 18.Qb3 Rab8 19.a6 Rfe8 20.Bf3 Rbc8 21.Qa4 e5 
22.dxe6 fxe6 23.Rc1 e5 24.Bb7 Rcd8 25.Qd1 exf4 26.Bxf4 Nh5 27.Bg5 Bb2 28.
Bd5+ Kh8 29.Rh3 Bxc1 30.Qxc1 Ndf6 31.Qc3 Qg7 32.Rxh5 Nxh5 33.Qxg7+ Kxg7 
34.Bxd8 Rxd8 35.Nb3 Nf4 36.Bb7 Ne6 37.Kg2 Kf6 0-1

[Event "Bydgoszcz Bank Pocztowy op"]
[Site "Bydgoszcz"]
[Date "1999.07.18"]
[Round "7"]
[White "Antoniewski, Rafal"]
[Black "Kuzmin, Gennadi P"]
[Result "1/2-1/2"]
[WhiteElo "2417"]
[BlackElo "2518"]
[EventDate "1999.07.12"]
[PlyCount "69"]

1.e4 e5 2.Nf3 Nc6 3.Bb5 Nf6 4.O-O Nxe4 5.d4 Nd6 6.Bxc6 dxc6 7.dxe5 Nf5 8.
Qxd8+ Kxd8 9.h3 Ke8 10.Bf4 Be6 11.Nbd2 h6 12.g4 Ne7 13.Nd4 Nd5 14.Bg3 Rd8 
15.Nxe6 fxe6 16.Ne4 Be7 17.c3 g5 18.Rad1 Rf8 19.Rfe1 b5 20.Ra1 Nf4 21.Bxf4
Rxf4 22.Re2 Rd5 23.Nd2 Bc5 24.Rf1 a5 25.Kg2 a4 26.a3 Be7 27.f3 Bf8 28.Ne4 
Bg7 29.Ng3 Rc4 30.Rfe1 Kf7 31.Nh5 c5 32.Re3 Rd2+ 33.R1e2 Rd1 34.Re1 Rd2+ 
35.R1e2 1/2-1/2

[Event "Bydgoszcz Bank Pocztowy op"]
[Site "Bydgoszcz"]
[Date "1999.07.18"]
[Round "7"]
[White "Brodsky, Michail"]
[Black "Simantsev, Mikhail"]
[Result "1-0"]
[WhiteElo "2512"]
[BlackElo "2409"]
[EventDate "1999.07.12"]
[PlyCount "61"]

1.e4 c5 2.Nf3 d6 3.d4 cxd4 4.Nxd4 Nf6 5.Nc3 a6 6.Be2 e6 7.f4 Be7 8.O-O O-O
9.Kh1 Nc6 10.Be3 Qc7 11.a4 Re8 12.Bf3 Rb8 13.g4 Nxd4 14.Bxd4 e5 15.fxe5 
dxe5 16.Ba7 Ra8 17.g5 Rd8 18.Qe2 Ne8 19.Be3 Be6 20.Qf2 Rdc8 21.Bg4 Nd6 22.
Bxe6 fxe6 23.g6 hxg6 24.Qg2 Qc6 25.Qxg6 Nf5 26.Rg1 Rc7 27.Rg2 Ba3 28.exf5 
Bxb2 29.Rf1 Bxc3 30.f6 Rf8 31.Bh6 1-0

[Event "Bydgoszcz Bank Pocztowy op"]
[Site "Bydgoszcz"]
[Date "1999.07.18"]
[Round "7"]
[White "Czerwonski, Aleksander"]
[Black "Poluljahov, Aleksandr"]
[Result "1/2-1/2"]
[WhiteElo "2426"]
[BlackElo "2554"]
[EventDate "1999.07.12"]
[PlyCount "120"]

1.d4 Nf6 2.c4 e6 3.Nf3 Nc6 4.d5 exd5 5.cxd5 Bb4+ 6.Nc3 Ne7 7.e4 Nxe4 8.Qd4
Bxc3+ 9.bxc3 Nf6 10.c4 O-O 11.Bd3 d6 12.O-O Bf5 13.Bb2 Bxd3 14.Qxd3 Ng6 
15.Rae1 Re8 16.Rxe8+ Nxe8 17.g3 c5 18.dxc6 bxc6 19.Re1 Rb8 20.Bc3 Qd7 21.
h4 h6 22.Nd4 Ne5 23.Qe2 Nf6 24.Nf3 Nxf3+ 25.Qxf3 Re8 26.Rxe8+ Nxe8 27.Qe4 
Nc7 28.f4 d5 29.Qd4 Ne6 30.Qd3 Nc5 31.Qd4 Qg4 32.Be1 Ne4 33.cxd5 Nxg3 34.
Kf2 Nf5 35.Qxa7 Qxf4+ 36.Ke2 Qc4+ 37.Kf2 cxd5 38.a4 Qxh4+ 39.Ke2 Qe4+ 40.
Kd2 d4 41.a5 Qe3+ 42.Kd1 Qd3+ 43.Kc1 Ne3 44.Qb8+ Kh7 45.Qb1 Qxb1+ 46.Kxb1 
Nc4 47.a6 d3 48.Bf2 Na3+ 49.Kc1 Nb5 50.Kd2 Nc7 51.a7 Kg8 52.Bc5 f5 53.Kxd3
Kf7 54.Kc4 g5 55.Bd6 Na8 56.Kd5 h5 57.Kc6 Ke6 58.Kb7 Kd7 59.Kxa8 Kc8 60.
Bf4 gxf4 1/2-1/2

[Event "Bydgoszcz Bank Pocztowy op"]
[Site "Bydgoszcz"]
[Date "1999.07.18"]
[Round "7"]
[White "Fedorchuk, Sergey A"]
[Black "Solodovnichenko, Yuri"]
[Result "1-0"]
[WhiteElo "2457"]
[BlackElo "2436"]
[EventDate "1999.07.12"]
[PlyCount "47"]

1.e4 c5 2.Nf3 d6 3.d4 cxd4 4.Nxd4 Nf6 5.Nc3 a6 6.Be3 Nc6 7.h3 d5 8.exd5 
Nb4 9.Qf3 Nbxd5 10.Nxd5 Qxd5 11.Rd1 Qa5+ 12.c3 Qc7 13.Bd3 e5 14.Qg3 Nh5 
15.Nb5 Qe7 16.Qf3 Nf6 17.Bg5 e4 18.Qe3 h6 19.Bxf6 gxf6 20.Bc4 Bf5 21.Qb6 
Rc8 22.Nd6+ Qxd6 23.Rxd6 Bxd6 24.Qxd6 1-0

[Event "Bydgoszcz Bank Pocztowy op"]
[Site "Bydgoszcz"]
[Date "1999.07.18"]
[Round "7"]
[White "Kovchan, Alexander"]
[Black "Stets, Dmitry"]
[Result "1/2-1/2"]
[WhiteElo "2448"]
[BlackElo "2409"]
[EventDate "1999.07.12"]
[PlyCount "120"]

1.e4 c5 2.Nf3 d6 3.d4 cxd4 4.Nxd4 Nf6 5.Nc3 g6 6.Be3 Bg7 7.Be2 O-O 8.Nb3 
Nc6 9.f4 Be6 10.g4 Na5 11.Bd4 Rc8 12.g5 Nd7 13.Bxg7 Kxg7 14.Qd4+ f6 15.
O-O-O Nxb3+ 16.axb3 Qa5 17.Kb1 Qc5 18.gxf6+ Rxf6 19.Qd2 Rcf8 20.Rhf1 Qb4 
21.h4 a5 22.Qe3 Qb6 23.Qg3 Kh8 24.h5 gxh5 25.Bxh5 Rg8 26.Qh4 Rg7 27.Be2 
Rf8 28.Rd3 Nc5 29.Rg3 Rxg3 30.Qxg3 Rg8 31.Qh4 Qd8 32.f5 Bf7 33.Bc4 Bxc4 
34.bxc4 Nd7 35.Nd5 Rg7 36.Nf4 Nc5 37.Ng6+ Kg8 38.Nxe7+ Qxe7 39.f6 Qf7 40.
Qh3 Rg5 41.Qc8+ Qf8 42.f7+ Kg7 43.Qe8 h5 44.Ka1 h4 45.Rf4 Rg6 46.Rxh4 Ne6 
47.Qd7 Nd8 48.Rf4 b6 49.Qa7 Nxf7 50.Qxb6 Rg5 51.Qd4+ Kg8 52.Rf5 Qe7 53.
Rxg5+ Qxg5 54.Ka2 Kf8 55.c3 Qe5 56.Ka3 Ke7 57.Ka4 Ng5 58.c5 Qxc5 59.Qxc5 
dxc5 60.Kxa5 Nxe4 1/2-1/2

[Event "Bydgoszcz Bank Pocztowy op"]
[Site "Bydgoszcz"]
[Date "1999.07.18"]
[Round "7"]
[White "Palosz, Andrzej"]
[Black "Jaracz, Barbara"]
[Result "1-0"]
[WhiteElo "2182"]
[BlackElo "2293"]
[EventDate "1999.07.12"]
[PlyCount "87"]

1.e4 e5 2.Nf3 Nc6 3.Bb5 a6 4.Ba4 Nf6 5.O-O Be7 6.Re1 b5 7.Bb3 d6 8.c3 O-O 
9.h3 Na5 10.Bc2 c5 11.d4 Qc7 12.Nbd2 cxd4 13.cxd4 Bd7 14.Nf1 Nc6 15.Ng3 
Rfe8 16.Re2 h6 17.Be3 Rac8 18.a4 Na5 19.d5 Nc4 20.Bc1 bxa4 21.Bxa4 Bb5 22.
Bxb5 axb5 23.b3 Nb6 24.Be3 Nfd7 25.Nf5 Bf8 26.Rea2 Ra8 27.Qd3 Rxa2 28.Rxa2
b4 29.Bd2 Qc5 30.Rc2 Qa5 31.Rc6 Nc5 32.Qe3 Nc8 33.N3h4 Kh7 34.Qe1 Nd3 35.
Qe2 Nc5 36.Qe1 Nd3 37.Qe2 Nc5 38.Bxh6 gxh6 39.Qh5 Qa7 40.Nxh6 Bxh6 41.Nf5 
f6 42.Qxe8 Nxe4 43.Rc2 Bf4 44.Qh5+ 1-0

[Event "Bydgoszcz Bank Pocztowy op"]
[Site "Bydgoszcz"]
[Date "1999.07.18"]
[Round "7"]
[White "Sulskis, Sarunas"]
[Black "Jaracz, Pawel"]
[Result "1-0"]
[WhiteElo "2521"]
[BlackElo "2477"]
[EventDate "1999.07.12"]
[PlyCount "75"]

1.e4 c5 2.Nf3 e6 3.d4 cxd4 4.Nxd4 a6 5.Bd3 Qb6 6.c3 d6 7.a4 Nf6 8.Qe2 Be7 
9.Nd2 Qc7 10.a5 e5 11.N4f3 Be6 12.h3 h6 13.O-O Nc6 14.Nc4 Bxc4 15.Bxc4 
Nxa5 16.Ba2 Nh7 17.b4 Nc6 18.Be3 O-O 19.Rad1 Nd8 20.Rd3 Ne6 21.Rfd1 a5 22.
Nxe5 axb4 23.Nxf7 Rxa2 24.Nxh6+ gxh6 25.Qxa2 Kf7 26.cxb4 Nf6 27.Rc1 Qd7 
28.e5 Qb5 29.exf6 Qxd3 30.fxe7 Kxe7 31.Bxh6 Rf6 32.Qd2 Qf5 33.h4 Rg6 34.
Bg5+ Nxg5 35.hxg5 Rxg5 36.Rc7+ Ke6 37.f4 Rg3 38.Qe1+ 1-0

[Event "Bydgoszcz Bank Pocztowy op"]
[Site "Bydgoszcz"]
[Date "1999.07.18"]
[Round "7"]
[White "Sumets, Andrey"]
[Black "Vinogradov, Pavel"]
[Result "1-0"]
[WhiteElo "2455"]
[BlackElo "2288"]
[EventDate "1999.07.12"]
[PlyCount "77"]

1.d4 d5 2.c4 dxc4 3.Nf3 Nf6 4.Nc3 e6 5.e4 Be7 6.Bxc4 O-O 7.O-O c6 8.Bb3 
Nbd7 9.Qe2 Qc7 10.e5 Nd5 11.Bg5 Nxc3 12.bxc3 Nb6 13.Qe4 Qd8 14.Bc2 g6 15.
Qh4 f6 16.exf6 Bxf6 17.Bxf6 Qxf6 18.Ng5 Qg7 19.Rae1 Nd5 20.c4 Nc7 21.Re3 
h6 22.Nf3 g5 23.Qg3 b6 24.h4 Ba6 25.Ne5 Rf4 26.Ng6 Rxd4 27.hxg5 h5 28.Ne5 
Rf8 29.Rfe1 Bxc4 30.Re4 Rxe4 31.Rxe4 Bd5 32.Rh4 Rf5 33.Bxf5 exf5 34.Rxh5 
Ne6 35.f4 Nd4 36.Qf2 c5 37.Rh6 Bf7 38.Qh4 c4 39.g6 1-0

[Event "Bydgoszcz Bank Pocztowy op"]
[Site "Bydgoszcz"]
[Date "1999.07.18"]
[Round "7"]
[White "Vokarev, Sergey"]
[Black "Braslavsky, Aleksandr"]
[Result "1-0"]
[WhiteElo "2469"]
[BlackElo "2295"]
[EventDate "1999.07.12"]
[PlyCount "51"]

1.e4 e6 2.d4 d5 3.Nd2 c5 4.exd5 Qxd5 5.Ngf3 cxd4 6.Bc4 Qd6 7.O-O Nf6 8.Nb3
Nc6 9.Nbxd4 Nxd4 10.Qxd4 Qxd4 11.Nxd4 Bd7 12.Bf4 Rc8 13.Be2 Nd5 14.Bg3 Bc5
15.Nb3 Be7 16.c3 O-O 17.Bf3 Rfd8 18.Rfe1 Ba4 19.Rad1 Bf6 20.Be5 Bxe5 21.
Rxe5 Nb6 22.Rxd8+ Rxd8 23.Ra5 Bxb3 24.axb3 a6 25.Kf1 f5 26.Bxb7 1-0

[Event "Bydgoszcz Bank Pocztowy op"]
[Site "Bydgoszcz"]
[Date "1999.07.18"]
[Round "7"]
[White "Volokitin, Andrei"]
[Black "Sawicki, Mikolaj"]
[Result "1-0"]
[WhiteElo "2307"]
[BlackElo "2076"]
[EventDate "1999.07.12"]
[PlyCount "83"]

1.e4 c5 2.Nf3 d6 3.d4 cxd4 4.Nxd4 Nf6 5.Nc3 a6 6.Be2 e5 7.Nb3 Be7 8.O-O 
O-O 9.Kh1 Nbd7 10.a4 b6 11.Be3 Bb7 12.f3 Qc7 13.Rf2 Rad8 14.Bf1 Nc5 15.
Nxc5 dxc5 16.Rd2 Rxd2 17.Qxd2 Rd8 18.Qf2 Qc8 19.Bc4 Bc6 20.Qe2 Bb7 21.Bg5 
h6 22.Bxf6 Bxf6 23.Bd5 Be7 24.Qc4 Bxd5 25.Nxd5 Qb7 26.Qb3 Rd6 27.c4 a5 28.
Qb5 Kf8 29.Ra3 Bd8 30.Qb3 Qd7 31.Qc3 Qe6 32.Qd2 Bg5 33.Qd1 Qg6 34.Rd3 Be7 
35.Kg1 Qe6 36.Qb3 Qd7 37.Kf1 Bd8 38.Qd1 Be7 39.Nxb6 Qc6 40.Nd5 Rd7 41.Rb3 
Rb7 42.Rb5 1-0